<?xml version="1.0" encoding="UTF-8"?>
<collection xmlns="http://www.loc.gov/MARC21/slim">
  <record>
    <leader>00000nam  2200000   4500</leader>
    <controlfield tag="001">INLIS000000000018574</controlfield>
    <controlfield tag="005">20241126021611</controlfield>
    <datafield tag="035" ind1="#" ind2="#">
      <subfield code="a">0010-1124000240</subfield>
    </datafield>
    <controlfield tag="007">ta</controlfield>
    <controlfield tag="008">241126###########################0######</controlfield>
    <datafield tag="245" ind1="#" ind2="#">
      <subfield code="a">KANA BELI AIR :</subfield>
      <subfield code="b">Peningkatan Pemahaman Mahasiswa Melalui Pembuatan Media Pembelajaran Flipbook dan Proses Pembelajaran Interaktif Pada Mata Kuliah Ilmu Resep di Program Studi Farmasi Fakultas MIPA Universitas Tadulako /</subfield>
      <subfield code="c">apt. Sri Sulistiana Sulaiman , S.Farm., M.Si</subfield>
    </datafield>
    <datafield tag="260" ind1="#" ind2="#">
      <subfield code="a">Makassar :</subfield>
      <subfield code="b">Puslatbang KMP RI LAN Makassar,</subfield>
      <subfield code="c">2024</subfield>
    </datafield>
    <datafield tag="300" ind1="#" ind2="#">
      <subfield code="a">70 ;</subfield>
      <subfield code="c">30</subfield>
    </datafield>
    <datafield tag="650" ind1="#" ind2="4">
      <subfield code="a">Peningkatan Pemahaman Mahasiswa Melalui Pembuatan Media Pembelajaran Flipbook dan Proses Pembelajaran Interaktif Pada Mata Kuliah Ilmu Resep di Program Studi Farmasi Fakultas MIPA Universitas Tadulako</subfield>
    </datafield>
    <datafield tag="700" ind1=" " ind2="#">
      <subfield code="a">Dr. Lif.Sc. I Nengah Suwastika, M.Sc., M.Lif.Sc (Mentor)</subfield>
    </datafield>
    <datafield tag="700" ind1=" " ind2="#">
      <subfield code="a">Irmayani, S.AP., M.I.Kom (Coach)</subfield>
    </datafield>
    <datafield tag="520" ind1="#" ind2="#">
      <subfield code="a">Kegiatan aktualisasi ini berfokus pada peningkatan pemahaman mahasiswa pada mata kuliah Ilmu Resep di Program Studi Farmasi, Fakultas MIPA, Universitas Tadulako. Berdasarkan pengamatan, ditemukan isu utama bahwa masih banyak mahasiswa farmasi yang kesulitan memahami materi yang berkaitan dengan perhitungan dosis dan analisis resep, yang menjadi dasar penting bagi keterampilan mereka dalam bidang kefarmasian. Kurangnya pemahaman ini tidak hanya berdampak pada hasil akademik yang rendah, tetapi juga dapat menghambat keterampilan praktik mahasiswa yang penting dalam dunia kerja nantinya.&#13;
&#13;
Sebagai upaya untuk mengatasi isu tersebut, dilakukan serangkaian kegiatan aktualisasi yaitu pembuatan media pembelajaran interaktif berupa flipbook dan mengadakan pembelajaran yang lebih interaktif melalui game edukasi. Flipbook digunakan untuk menyajikan materi secara sistematis dan menarik, sehingga mahasiswa lebih termotivasi untuk belajar secara mandiri. Sementara itu, game edukasi diterapkan dalam proses pembelajaran di kelas guna meningkatkan interaksi dan pemahaman mahasiswa terhadap materi yang disampaikan.&#13;
&#13;
Kegiatan aktualisasi telah terlaksana dengan baik melalui 6 kegiatan yang terdiri dari 21 tahapan kegiatan yang direncanakan serta dibuktikan melalui hasil evaluasi mahasiswa lewat pre testdan post test diketahui bahwa telah terjadi peningkatan pemahaman mahasiswa sebesar 25,72%.</subfield>
    </datafield>
    <datafield tag="856" ind1="#" ind2="#">
      <subfield code="a">PUSLATBANG KMP LAN RI Makassar</subfield>
    </datafield>
  </record>
</collection>
